| 000 | 00000nam##2200000za#4500 |
| 001 | 9.698968 |
| 003 | CaOODSP |
| 005 | 20210625000153 |
| 007 | cr ||||||||||| |
| 008 | 150407|2007||||xxc|||||o f|0| 0 eng|d |
| 040 | |aCaOODSP|beng |
| 043 | |an-cn--- |
| 086 | 1 |aCH6-16/2007E-PDF |
| 110 | 1 |aCanada. |bCanadian Heritage. |
| 245 | 10|aAudit report of the Interchange Canada Program / |h[electronic resource]|c[issued by the] Assurance Services Directorate, Corporate Review Branch. |
| 260 | |aOttawa - Ontario : |bCanadian Heritage |cMarch 2007. |
| 300 | |a20p.|btables |
| 590 | |a14-06-Supp|b2014-03-21 |
| 775 | 08|tRapport de vérification du programme Échanges Canada / |w(CaOODSP)9.642964 |
| 856 | 40|ahttp://publications.gc.ca|qPDF|s161 KB|uhttps://publications.gc.ca/collections/collection_2014/pc-ch/CH6-16-2007-eng.pdf |